Spatial and temporal variation of the nutrients in the sediment and leaves of two Brazilian mangrove species and their role in the retention of environmental heavy metals (Registro n. 242122)
[ somente texto ]
| 000 -LÍDER | |
|---|---|
| campo de controle de tamanho fixo | 01125nas a2200337 4500 |
| 001 - NÚMERO DE CONTROLE | |
| campo de controle | BR2015000794 |
| 003 - IDENTIFICADOR DO NÚMERO DE CONTROLE | |
| campo de controle | BR-BrBNA |
| 005 - DATA E HORÁRIO DA ÚLTIMA TRANSAÇÃO | |
| campo de controle | 20231205125017.0 |
| 007 - CAMPO FIXO DE DESCRIÇÃO FÍSICA--INFORMAÇÃO GERAL | |
| campo de controle de tamanho fixo | ta |
| 008 - CAMPO DE DADOS FIXOS--INFORMAÇÃO GERAL | |
| campo de controle de tamanho fixo | 230509b bl.|||p| |||| 00| 00por d |
| 040 ## - FONTE DA CATALOGAÇÃO | |
| Instituição da catalogação original | BR-BrBNA |
| Idioma da catalogação | por |
| Instituição que transcreveu o registro | Biblioteca Nacional de Agricultura |
| 041 ## - CÓDIGO DE IDIOMA | |
| Código do idioma do texto/trilha sonora ou título diferente | (En) |
| 072 ## - CÓDIGO DE CATEGORIA DE ASSUNTO | |
| Código de Categoria de Assunto | F61 |
| 100 1# - ENTRADA PRINCIPAL--NOME PESSOAL | |
| Nome pessoal | Bernini, E. |
| 100 1# - ENTRADA PRINCIPAL--NOME PESSOAL | |
| Nome pessoal | Silva, M.A.B. da |
| 100 1# - ENTRADA PRINCIPAL--NOME PESSOAL | |
| Nome pessoal | Carmo, T.M.S. do |
| 100 1# - ENTRADA PRINCIPAL--NOME PESSOAL | |
| Nome pessoal | Cuzzuol, G.R.F. |
| 245 1# - TÍTULO | |
| Título | Spatial and temporal variation of the nutrients in the sediment and leaves of two Brazilian mangrove species and their role in the retention of environmental heavy metals |
| 650 ## - ASSUNTO--TERMO TÓPICO | |
| Cabeçalho tópico ou nome geográfico | MANGUE |
| 650 ## - ASSUNTO--TERMO TÓPICO | |
| Cabeçalho tópico ou nome geográfico | LAGUNCULARIA RACEMOSA |
| 650 ## - ASSUNTO--TERMO TÓPICO | |
| Cabeçalho tópico ou nome geográfico | RHIZOPHORA MANGLE |
| 650 ## - ASSUNTO--TERMO TÓPICO | |
| Cabeçalho tópico ou nome geográfico | MANGUE DE CARANGUEJO |
| 650 ## - ASSUNTO--TERMO TÓPICO | |
| Cabeçalho tópico ou nome geográfico | MANGUE VERMELHO |
| 650 ## - ASSUNTO--TERMO TÓPICO | |
| Cabeçalho tópico ou nome geográfico | NUTRICAO VEGETAL |
| 650 ## - ASSUNTO--TERMO TÓPICO | |
| Cabeçalho tópico ou nome geográfico | NUTRIENTE |
| 650 ## - ASSUNTO--TERMO TÓPICO | |
| Cabeçalho tópico ou nome geográfico | METAL |
| 773 0# - ENTRADA ANALÍTICA | |
| Título | Brazilian Journal of Plant Physiology (Brazil) |
| ISSN - International Standard Serial Number | ISSN 1677-0420 |
| Partes relacionadas | (2010), v. 22(3) p. 177-187 |
| Número de controle do registro | BR2015000794 |
| 856 40 - LOCALIZAÇÃO ELETRÔNICA E ACESSO | |
| Uniform Resource Identifier | <a href="http://www.scielo.br/pdf/bjpp/v22n3/v22n3a05.pdf">http://www.scielo.br/pdf/bjpp/v22n3/v22n3a05.pdf</a> |
| 909 ## - | |
| -- | 202311 |
| -- | Lúcia |
| -- | 55 |
| -- | Lúcia Elande |
| 942 ## - ELEMENTOS DE ENTRADA ADICIONADOS (KOHA) | |
| Fonte da classificação ou esquema de arquivamento na estante | Classificação AGRIS |
| Ocultar no OPAC | Não |
| Tipo de material Koha | Analítica |
| Situação do descarte | Fonte da classificação ou esquema de arquivamento na estante | Situação física | Não pode ser emprestado | Biblioteca de origem | Biblioteca atual | Localização na estante | Enumeração do periódico / cronologia | Total de empréstimos | Data de último acesso | Número do exemplar | Tipo de material Koha | Fonte de aquisição |
|---|---|---|---|---|---|---|---|---|---|---|---|---|
| Classificação AGRIS | Consulta local | Biblioteca Nacional de Agricultura - Binagri | Biblioteca Nacional de Agricultura - Binagri | (2010), v. 22(3) p. 177-187 | 29/11/2023 | 01 | Periódicos | Portaria Interministerial nº 164/94 |

BINAGRI